ARRUPE JESUIT UNIVERSITY

CORONAVIRUS -STOP THE SPREAD - CLEAN,DISINFECT,COVER

Fr. Antonino Spadaro S.J. interviews Pope Francis (Record no. 119597)

MARC details
000 -LEADER
fixed length control field 00389nam a22001337a 4500
008 - FIXED-LENGTH DATA ELEMENTS--GENERAL INFORMATION
fixed length control field 140121b xxu||||| |||| 00| 0 eng d
050 ## - LIBRARY OF CONGRESS CALL NUMBER
Classification number BX870.2005I6
100 ## - MAIN ENTRY--PERSONAL NAME
Personal name Francis I
9 (RLIN) 6756
245 ## - TITLE STATEMENT
Title Fr. Antonino Spadaro S.J. interviews Pope Francis
Statement of responsibility, etc I. Francis
260 ## - PUBLICATION, DISTRIBUTION, ETC. (IMPRINT)
Place of publication, distribution, etc New York
Name of publisher, distributor, etc America Magazine
Date of publication, distribution, etc 2013
300 ## - PHYSICAL DESCRIPTION
Extent 22p.;
Dimensions 26cm
500 ## - GENERAL NOTE
General note from internet
942 ## - ADDED ENTRY ELEMENTS (KOHA)
Source of classification or shelving scheme Library of Congress Classification
Item type Monograph ( Printed materials)
Holdings
Withdrawn status Lost status Source of classification or shelving scheme Damaged status Not for loan Home library Current library Date acquired Total Checkouts Full call number Barcode Date last seen Price effective from Koha item type
    Library of Congress Classification     ARRUPE LIBRARY ARRUPE LIBRARY 21/01/2014   BX870.2005I6 464122843 22/11/2017 21/01/2014 Monograph ( Printed materials)

 

Arrupe Library. PO Box MP320 Mt Pleasant, Harare, Zimbabwe
263 242 745411|librarian@aju.ac.zw